Poznámky k výberu slov vo výkladovom slovníku (pripomienky k dvom dielom Slovníka slovenského jazyka)

Bibliographic Details
Main Author: Michalus, Štefan, 1931-1995 (Author)
Format: Article
Language:Slovak
Subjects:

MARC

LEADER 00000nab a2200000 a 4500
001 vtls009156576
003 SK-MaSNL
005 20260304153952.0
008 250507c1961 xo |r|p|||||||000 b|slo
015 |a SNBRB2007/11  |2 snkbucl 
035 |a (uuid)27f78764-2d20-499f-a924-654e46496225 
035 |a urn:nbn:sk:snk-abc2i7 
035 |a (urnnbn)urn:nbn:sk:snk:ar-002viu 
038 |a SNKBUCL 
040 |a SNKBUCL  |b slo  |c SNKBUCL  |e AACR2 
041 0 |a slo 
044 |a xo  |c SK 
080 |a 811.162.4'374.3  |2 2001 
080 |a 81'374.3:811.162.4  |2 2001 
080 |a 811.162.4'374.81  |2 2001 
100 1 |a Michalus, Štefan,  |d 1931-1995  |4 aut  |9 90043 
245 1 0 |a Poznámky k výberu slov vo výkladovom slovníku  |b (pripomienky k dvom dielom Slovníka slovenského jazyka)  |c Štefan Michalus 
504 |a Bibliogr. odkazy 
630 0 7 |a Slovník slovenského jazyka  |2 snkbucl  |9 1032604 
650 0 7 |a slovenčina  |2 SNKPH  |9 1350 
650 0 7 |a lexikografia  |2 SNKPH  |9 867 
650 0 7 |a výkladové slovníky  |2 SNKPH  |9 92468 
650 0 7 |a jednojazyčné slovníky  |2 SNKPH  |9 108283 
773 0 |t Slovenská reč  |g Roč. 26., č. 4 (1961), s. 214-219 
850 |a Slovenská národná knižnica 
852 |a Slovenská národná knižnica 
954 |a odborná, vedecká literatúra pôvodná (slovenská)  |2 lita 
958 |a article15 
958 |a OND 
958 |a NB 
958 |a EUIPO 
999 |c 2955738  |d 2957668